United nations economic commision for Europe

Na minha lista:
Detalhes bibliográficos
Formato: Periódico
Idioma:inglês
Publicado em: Geneva United Nations 1978
Tags: Adicionar Tag
Sem tags, seja o primeiro a adicionar uma tag!

MARC

LEADER 00000nas2a22000001 4500
001 0009688
005 20250730114243.2
041 0 |a eng 
044 |a CH 
245 1 0 |a United nations  |b economic commision for Europe 
264 1 |a Geneva  |b United Nations  |c 1978 
300 |a 1 zv. 
773 0 |w eu_un_cat*s120874